000 01242nam a2200313 4500
001 0000017946
003 CO-CtgCURN
005 20250502230208.0
007 ta
008 160627s2000 000 0 eng d
040 _aCO-CtgCURN
_bspa
_ccoctgcurn
082 0 _a621.39160288
_bA82a
110 2 _aAutodesk.
245 1 0 _aAutodesk architectural desktop :
_bprimeros pasos y novedades 3.3 /
_cAutodesk.
260 _aSuiza :
_bAutodesk development,
_c2000.
300 _axiv, 958 p.
336 _2rdacontent
337 _2rdamedia
_asin mediacion
_bn
338 _2rdacarrier
_avolumen
_bnc
500 _aIncluye indice.
505 8 _aPara empezar con architectural desktop.--Plantillas.--Novedades de autodesk architectural desktop.--Sistema de visualizacion.--Administrador de estilos.--Muros.--Ventanas.--Conjunto de ventanas
650 1 4 _aAnimacion por computador.
908 _a160627
942 _cBK
_h621.39160288
_iA82a
_2ddc
_n0
999 _c2271
_d2271